000 00978nam a22002297a 4500
999 _c62585
_d62585
003 Ge_BSU
005 20241212120105.0
008 241212s2024 ge ||||| |||| 00| 0 geo d
020 _a9789941987106
041 _ageo
080 _a902/904(479.22) მ-47
100 _aმეგრელიძე, იოსებ
_9114
245 _aსიძველეები ლიახვის ხეობაში :
_bდიდი ლიახვის ხეობა. წ. 1 /
_cიოსებ მეგრელიშვილი; რედ. ა. ღლონტი.
264 _aთბილისი :
_bწიგნიერი,
_c2024.
300 _a358 გვ. :
_bილ.;
_c28 სმ.
653 _aლიახვის ხეობა
653 _aეთნოგრაფია
653 _aისტორია
700 _aღლონტი, ა.
_eრედაქტორი
_916233
773 _tნაჩუქარი
942 _2udc
_cᲬᲘᲒᲜᲘ